000 00715cam a2200229 a 4500
005 20250730115321.0
008 000316s2001 maua 001 0 eng
020 _a9780205569649
020 _a0205569641
040 _aKABLIB
_cKABLIB
_erda
082 0 0 _a070.41
_223
_bBRO
100 1 _aBrooks, Brian S.
_913200
245 1 4 _aThe art of editing in the age of convergence /
_cBrian S. Brooks, James L. Pinson
250 _a9th ed.
260 _aBoston :
_bPearson Education, Inc.,
_cc2009.
300 _axiv, 418 p. :
_bill. ;
_c24 cm.
500 _aIncludes glossary, index.
650 0 _aJournalism
_xEditing.
_914555
650 0 _aCopy editing.
_914556
700 1 _aPinson, James L.
_914557
942 _2ddc
_cBOOK
999 _c5747
_d5747